000 00657nam a2200253Ia 4500
008 210210b2012 xxu||||| |||| 00| 0 eng d
020 _a9780198078531
041 _aeng
082 _a307.76 BEAU
100 _aBEALL (Jo)
245 _aUrbanization and development in Asia: multidimensional perspectives
260 _aNew Delhi
_bOxford University Press
_c2012
300 _axii, 336
650 _aUrbanization
650 _aperspectives
650 _amultidimensional
650 _ain
650 _adevelopment
650 _aAsia:
650 _aand
690 _aUrban Sociology
700 _aKHASNOBIS (Basudeb Guha)
906 _a068044
999 _c152379
_d152379